Yugoslavia as history : twice there was a country

Αποθηκεύτηκε σε:
Λεπτομέρειες βιβλιογραφικής εγγραφής
Κύριος συγγραφέας: Lampe, John R.
Μορφή: Βιβλίο
Γλώσσα:English
Δημοσίευση: Cambridge : Cambridge University Press, c1997
Θέματα:
Ετικέτες: Προσθήκη ετικέτας
Δεν υπάρχουν, Καταχωρήστε ετικέτα πρώτοι!

MARC

LEADER 00000cam a2200000 i 4500
001 1/91294
008 991015s1997 eng d
020 |a 0521-46122-7 
035 |l 10053524 
040 |a GR-MY-UA  |b gre  |e aacr 
041 0 |a eng 
082 0 |a 949.7 
100 1 |a Lampe, John R. 
245 1 0 |a Yugoslavia as history :  |b twice there was a country /  |c John R. Lampe 
260 |a Cambridge :   |b Cambridge University Press,   |c c1997 
300 |a 421 p. 
651 0 |a Yugoslavia  |x History. 
852 |a INST  |b LESVOS  |e 19991015  |h 949.7 LAM  |p 005100019029  |q 005100019029  |t BK  |y 0 
901 |a BIBL1-1999-3 
909 |a Λ  |b 069583 
970 |a ΤΖΑΦΕΡΗ  |b ΕΥΑΓΓΕΛΙΑ  |z 1999/10/15